000 00744nam a2200229Ia 4500
001 15415
003 GE_BSU
008 181216s||||||||xx |||||||||||||| ||und||
040 _cGE_BSU
080 _a821.353.1-32
100 _aჩიქოვანი,გრიგოლ
245 _aკაცი გამოქვაბულში
245 _bმოთხრობები
245 _cრედ.ქ.ნადირაძე.მხატვ.გ.თოთიბაძე
260 _aთბილისი
260 _bსაბლიტგამი
260 _c1958
300 _a108გვ.21სმ.
653 _aკაცი გამოქვაბულში
653 _aმოთხრობები
942 _cBK
999 _c48518
_d48518